Advanced Italian Brainrot Quiz - Statistics

General Stats
  • This quiz has been taken 773 times
    701 since last reset
  • The average score is 8 of 15
Answer Stats
Picture Answer % Correct
Tung tung tung sahur
97%
Tralalelo tralala
94%
Lirili larila
76%
Frigo camelo
62%
Boneca ambalabu
61%
Brr brr patapim
61%
Trippi troppi
57%
Bombardilo crocodilo
55%
Bombombini gusini
52%
Shimpanzini bananini
52%
Cappucino assasino
40%
La Vaca saturno saturnita
34%
Trulimero trulicina
29%
Cocofanto elefanto
17%
Trippi troppi tropa tripa
12%
No matching quizzes found
Score Distribution
Percent of People with Each Score
Percentile by Number Answered
Your Score History
You have not taken this quiz since the last reset